Epstein-Barr virus-encoded LMP-1, LMP-2A and LMP-2B proteins in cell cycle regulation /
محفوظ في:
| المؤلف الرئيسي: | |
|---|---|
| التنسيق: | أطروحة كتاب |
| اللغة: | English |
| منشور في: |
2012.
|
| الموضوعات: | |
| الوصول للمادة أونلاين: | http://studentsrepo.um.edu.my/id/eprint/4407 |
| الوسوم: |
إضافة وسم
لا توجد وسوم, كن أول من يضع وسما على هذه التسجيلة!
|
| LEADER | 01316cam a2200349 i 4500 | ||
|---|---|---|---|
| 001 | u988086 | ||
| 003 | SIRSI | ||
| 005 | 201401231101 | ||
| 008 | 140123s2012 my a t 000 0 eng m | ||
| 040 | |a UMM |e rda | ||
| 090 | |a QH302 |b UM 2013 Yeo | ||
| 100 | 1 | |a Yeo Kok Siong, |e author. | |
| 245 | 1 | 0 | |a Epstein-Barr virus-encoded LMP-1, LMP-2A and LMP-2B proteins in cell cycle regulation / |c Yeo Kok Siong. |
| 264 | 1 | |c 2012. | |
| 264 | 4 | |c 2012. | |
| 300 | |a xv, 97 leaves : |b illustrations ; |c 30 cm. | ||
| 336 | |a text |2 rdacontent | ||
| 337 | |a unmediated |2 rdamedia | ||
| 338 | |a volume |2 rdacarrier | ||
| 502 | |b M.Sc. |c Institut Sains Biologi, Fakulti Sains, Universiti Malaya |d 2012. | ||
| 504 | |a Bibliography: leaves 75-93. | ||
| 530 | |a Also issued in CD. | ||
| 650 | 0 | |a Epstein-Barr virus. | |
| 650 | 0 | |a Epstein-Barr virus diseases. | |
| 650 | 0 | |a Cell cycle |x Regulation. | |
| 650 | 0 | |a Cellular control mechanisms. | |
| 710 | 2 | |a Universiti Malaya. |b Institut Sains Biologi, |e degree granting institution. | |
| 856 | 4 | 1 | |u http://studentsrepo.um.edu.my/id/eprint/4407 |
| 900 | |a HA-ZA | ||
| 596 | |a 1 25 | ||
| 999 | |a QH302 UM 2013 YEO |w LC |c 1 |i A515710800 |d 9/7/2014 |f 9/7/2014 |g 1 |l STACKS |m P01UTAMA |r Y |s Y |t TESIS |u 8/7/2014 | ||
| 999 | |a QH302 UM 2013 YEO |w LC |c 1 |i A515710787 |l STACKS |m P25UMARCHI |r Y |s Y |t CD |u 10/6/2015 |1 STEM | ||
